MARC details
| 000 -CABECERA |
| campo de control de longitud fija |
02809nam a2200301 a 4500 |
| 001 - NÚMERO DE CONTROL |
| campo de control |
vtls002904511 |
| 003 - IDENTIFICADOR DEL NÚMERO DE CONTROL |
| campo de control |
ES-BaIT |
| 005 - FECHA Y HORA DE LA ÚLTIMA TRANSACCIÓN |
| campo de control |
20211008113801.0 |
| 008 - DATOS DE LONGITUD FIJA--INFORMACIÓN GENERAL |
| campo de control de longitud fija |
161116s2002 xxua r 001 0 eng c |
| 010 ## - NÚMERO DE CONTROL DE LA BIBLIOTECA DEL CONGRESO |
| Número de control de LC |
2904511 |
| 020 ## - NÚMERO INTERNACIONAL ESTÁNDAR DEL LIBRO |
| Número Internacional Estándar del Libro |
9781581152333 |
| 035 ## - NÚMERO DE CONTROL DEL SISTEMA |
| Número de control de sistema |
b68171420 |
| 039 #9 - NIVEL DE CONTROL BIBLIOGRÁFICO Y DETALLES DE CODIFICACIÓN [OBSOLETO] |
| Nivel de reglas en descripción bibliográfica |
201611161344 |
| Nivel de esfuerzo utilizado para asignar no-encabezamientos de materia en puntos de acceso |
alvarezrb |
| -- |
201611161344 |
| -- |
alvarezrb |
| 080 ## - NÚMERO DE LA CLASIFICACIÓN DECIMAL UNIVERSAL |
| Número de la Clasificación Decimal Universal |
792.028.31 |
| 040 ## - FUENTE DE LA CATALOGACIÓN |
| Centro catalogador/agencia de origen |
ES-BaIT |
| Lengua de catalogación |
cat |
| 245 00 - MENCIÓN DE TÍTULO |
| Título |
Movement for actors / |
| Mención de responsabilidad, etc. |
edited by Nicole Potter |
| 260 ## - PUBLICACIÓN, DISTRIBUCIÓN, ETC. |
| Lugar de publicación, distribución, etc. |
New York : |
| Nombre del editor, distribuidor, etc. |
Allworth Press, |
| Fecha de publicación, distribución, etc. |
cop. 2002 |
| 300 ## - DESCRIPCIÓN FÍSICA |
| Extensión |
x, 277 p. : |
| Otras características físicas |
il. ; |
| Dimensiones |
23 cm |
| 504 ## - NOTA DE BIBLIOGRAFÍA, ETC. |
| Nota de bibliografía, etc. |
Referències bibliogràfiques. Índex |
| 505 8# - NOTA DE CONTENIDO CON FORMATO |
| Nota de contenido con formato |
Conté: Biomechanics : understanding Meyerhold's system of actor training / Marianne Kubik -- Michael Chekhov, psychological gesture, and the thinking heart / Floyd Ruhmor -- Theatrical stillness / Mary Fleischer -- Teaching Charlie Chaplin how to walk / Dan Kamin -- The Feldenkrais method / Alan S. Questel -- Alexander technique and the integrated actor : applying the principles of the Alexander technique to actor preparation / Teresa Lee -- An introduction to Laban movement analysis for actors : a historical, theoretical, and practical perspective / Barbara Adrian -- Breathe before you act / Caroline Thomas -- Mask and ritual / Shelley Wyant -- The smallest mask : the red nose / Jean Taylor -- Discovering ensemble and impulse through improvisation / Paul Urcioli -- Bringing the past into the present : period dance on the stage and in the curriculum / Nira Pullin -- Shakespeare honors the three centers of the body / Susan Dibble -- Some rehearsal notes for Molière and Restoration comedy style / Rod McLucas -- The Williamson physical technique : the physical process of acting / Lloyd Williamson -- An introduction to Margolis method[trademark sign] : a dynamic physical approach to actor training / Kari Margolis -- Movement training : dell'arte international / Joan Schirle -- Synergizing internal and external acting / Jill Mackavery -- The actor as athlete of the emotions : the Rasaboxes exercise / Michele Minnick and Paula Murray Cole -- Mind-body juggling for the camera / Erika Batdorf -- Teaching postmodern choreography to actors : eschewing the inebriation of emotion / Nicole Potter interviews Annie-B Parson -- SITI : why we train, a conversation between Ann Bogart and the SITI Company / compiled by Will Bond -- The problem of movement theater / Brad Krumholz |
| 650 #4 - PUNTO DE ACCESO ADICIONAL DE MATERIA--TÉRMINO DE MATERIA |
| Término de materia o nombre geográfico como elemento de entrada |
Moviment (Interpretació) |
| 9 (RLIN) |
57327 |
| 700 1# - ENTRADA AGREGADA--NOMBRE PERSONAL |
| Nombre de persona |
Potter, Nicole |
| 9 (RLIN) |
137626 |
| 907 ## - ELEMENTOS DE DATOS G LOCAL, LDG (RLIN) |
| a |
.b68171420 |
| b |
16-11-16 |
| c |
11-11-16 |
| d |
11-11-16 |
| e |
m |
| f |
a |
| g |
- |
| h |
eng |
| i |
xxu |
| j |
0 |
| k |
0 |
| 940 ## - EQUIVALENCIA O REFERENCIA-CRUZADA--TÍTULO UNIFORME [OBSOLETO] [solamente CAN/MARC] |
| Título uniforme |
<a href="CVA15">CVA15</a> |
| Fecha de la firma de un tratado |
IT |
| 949 ## - PROCESAMIENTO DE INFORMACIÓN LOCAL (OCLC) |
| -- |
VIRTUAITEM |
| -- |
10040 |
| -- |
10040 |
| -- |
1 |
| 6 |
1900073449 |
| a |
792.028.31 MOV |
| s |
3701:20200226 |
| 998 ## - INFORMACIÓN DE CONTROL LOCAL (RLIN) |
| -- |
VIRTUA |
| 998 ## - INFORMACIÓN DE CONTROL LOCAL (RLIN) |
| -- |
VTLSSORT0080*0200*0350*0800*2450*2600*3000*5040*5050*6500*7000*9070*9400*9992 |